Statistics for Top 5 Songs On Sgt. Pepper's Lonely Hearts Club Band (The Beatles)

Click here to take the quiz!

General Stats

  • This quiz has been taken 16 times
  • The average score is 4 of 5

Answer Stats

HintAnswer% Correct
112,808,222A Day In The Life
93%
89,195,528Sgt. Pepper's Lonely Hearts Club Band
79%
109,122,724With A Little Help From My Friends
79%
152,129,218Lucy In The Sky With Diamonds
71%
74,638,060When I'm Sixty Four
50%

Score Distribution

Percentile by Number Answered

Percent of People with Each Score

Your Score History

You have not taken this quiz